000
00206nam a2200097Ia 4500
008
240331s9999 xx 000 0 und d
082
_b
Dix
100
_a
Dixit, J.N
245
0
_a
Assignment Colombo
942
_c
L
999
_c
2559
_d
2559